Hong Kong monthly (Record no. 83853)

MARC details
000 -LEADER
fixed length control field 00999cad a22002175a 4500
001 - CONTROL NUMBER
control field L155323
008 - FIXED-LENGTH DATA ELEMENTS--GENERAL INFORMATION
fixed length control field 120320s2012 xxk 000 0 eng d
035 ## - SYSTEM CONTROL NUMBER
System control number (Sirsi) u155323
041 0# - LANGUAGE CODE
Language code of text/sound track or separate title eng
110 2# - MAIN ENTRY--CORPORATE NAME
Corporate name or jurisdiction name as entry element Knight Frank
9 (RLIN) 1530
245 00 - TITLE STATEMENT
Title Hong Kong monthly
Remainder of title review and commentary on Hong Kong's property market - March 2012
260 ## - PUBLICATION, DISTRIBUTION, ETC.
Place of publication, distribution, etc. Hong Kong
Name of publisher, distributor, etc. Knight Frank
Date of publication, distribution, etc. 2012
490 #0 - SERIES STATEMENT
Series statement Knight Frank Hong Kong Monthly
Volume/sequential designation March 2012
520 ## - SUMMARY, ETC.
Summary, etc. Provides an overview of the performance of Hong Kong's property markets in the last month, covering the prime office, retail, and luxury residential sectors. Includes the latest economic indicators and highlights key transactions.
590 ## - LOCAL NOTE (RLIN)
Local note KA
651 #4 - SUBJECT ADDED ENTRY--GEOGRAPHIC NAME
Geographic name Hong Kong
690 ## - LOCAL SUBJECT ADDED ENTRY--TOPICAL TERM (OCLC, RLIN)
Topical term or geographic name as entry element Commercial property
9 (RLIN) 6227
690 ## - LOCAL SUBJECT ADDED ENTRY--TOPICAL TERM (OCLC, RLIN)
Topical term or geographic name as entry element Residential property
9 (RLIN) 6266
856 40 - ELECTRONIC LOCATION AND ACCESS
Uniform Resource Identifier <a href="https://my.knightfrank.com/research/?regionid=5">https://my.knightfrank.com/research/?regionid=5</a>
Public note View the report (click on Asia Pacific and Commercial in the refine box, then click on title) at my.knightfrank.com
942 ## - ADDED ENTRY ELEMENTS (KOHA)
Suppress in OPAC 0
Holdings
Withdrawn status Lost status Source of classification or shelving scheme Damaged status Not for loan Home library Current library Shelving location Date acquired Total Checkouts Full call number Barcode Date last seen Copy number Price effective from Koha item type
    Dewey Decimal Classification     Virtual Virtual Online 18/03/2012   ONLINE PUBLICATION 155323-2001 06/08/2019 1 06/08/2019 Book